000 00811nam a2200217 i 4500
001 186845
003 ES-MaACL
005 20250819165919.0
008 170222s1913 sp |||| | spa d
100 1 _aEllis, Havelock (
_d1859-1939)
_947049
245 1 3 _aLa selección sexual en el hombre /
_cpor Havelock Ellis ; traducción de Ceferino Palencia y Tubau.
260 _aMadrid :
_bHijos de Reus,
_c1913.
300 _aX, 279 p. ;
_c23 cm.
490 1 _aBiblioteca médica de autores españoles y extranjeros ;
_v5
490 1 _aEstudios de psicología sexual ;
_v4
650 0 7 _aSexo
_2embne
_917075
830 0 _aBiblioteca médica de autores españoles y extranjeros ;
_v5
_9192627
830 0 _aEstudios de psicología sexual ;
_v4
_9192628
852 _aES-MaACL
_jC-8502
999 _c186845
_d186845